| 000 | 00764nam a2200217 i 4500 | ||
|---|---|---|---|
| 001 | 162133 | ||
| 003 | ES-MaACL | ||
| 005 | 20251001175514.0 | ||
| 008 | 041104s1885 fr |||| |dfre d | ||
| 040 |
_aCAM _bspa _cCAM |
||
| 080 | _a929 Bismarck, Otto, Fürst von | ||
| 080 | _a94(430)"18" | ||
| 100 | 1 |
_aPigeon, Amédée. _9131158 |
|
| 245 | 1 | 2 |
_aL'Allemagne de M. de Bismarck / _cpar Amédée Pigeon. |
| 260 |
_aParis : _bE. Giraud et C., éditeurs, _c1885 ( _fSoc. d'imp. Paul Dupont) |
||
| 300 |
_a499 p. ; _c22 cm. |
||
| 600 | 1 | 4 |
_aBismarck, Otto, _cFürst von _929016 |
| 651 | 4 |
_aAlemania- _xHistoria- _y1789-1900. _97659 |
|
| 852 |
_aES-MaACL _jF-9219 _z- Enc. pasta española _z. - Ded. autógr. del autor a F.B. Navarro |
||
| 999 |
_c162133 _d162133 |
||